000 00501nam a2200205Ia 4500
005 20260429112216.0
008 260429s9999||||xx |||||||||||||| ||und||
020 _a9781109684087
041 _aEnglish
082 _a346.07
_bKUM
100 _aKumar, Saurabh
245 0 _aBusiness law /
_cSaurabh Kumar
250 _a1st ed.
260 _aJaipur :
_bBook Enclave,
_c2025.
300 _axi, 256 p.; hb
650 _a Business law
650 _a Commercial law
650 _aLaw
942 _cTB
999 _c52901
_d52901